Mine, Mine, Mine Quiz Stats

 Plays Quiz Updated Jan 3, 2016

Challenge
Share
Tweet
Embed
Score 0/28 Timer 08:00
2 Plays Today
Clue MINE Thing % Correct
Starvation or scarcity of foodfamine
81.9%
A fragrant flower or a Disney Princessjasmine
81.3%
Look at closelyexamine
80.8%
Subvert or weakenundermine
80.5%
Roman Goddess of WisdomMinerva
72.7%
A pinkish lotion used for relieving itchingcalamine
72.7%
Actor Sal of 'Rebel without a Cause'Mineo
71.7%
A usually crystalline compound found in nature as a resourcemineral
69%
A white furred weaselermine
68.7%
A class of stimulant drugs also used for dietingamphetamine
62.8%
Compound used for treating allergy symptomsantihistamine
60.8%
One of the halogen elementsbromine
60.2%
To resolve or discoverdetermine
55.6%
Anesthetic drug nicknamed 'Special K'ketamine
49.9%
Clue MINE Thing % Correct
The right for the government to take over private propertyeminent domain
49.6%
Ready to happen, especially threateninglyimminent
49.4%
A vivid red colorcarmine
48.2%
Able to emit lightluminescent
45.3%
A presidential candidate between the convention and the electionnominee
40.9%
An impish girl or street urchingamine
32.4%
The other name for Vitamin B1thiamine
31.4%
Marked by an attack on character and not substancead hominem
31.3%
Noticeable or standing outprominent
26.9%
One of the four bases in DNAthymine
24.6%
To tyrannize over or exercise overbearing controldomineer
20%
A light sweet Alsatian wineGew├╝rztraminer
12.1%
The state of being very spaciousroominess
9.8%
Oyer's partner in the name of a criminal courtterminer
6.2%

You're not logged in!

Compare scores with friends on all Sporcle quizzes.
OR
Log In

You Might Also Like...

Show Comments

Extras

Top Quizzes Today


Score Distribution

Your Account Isn't Verified!

In order to create a playlist on Sporcle, you need to verify the email address you used during registration. Go to your Sporcle Settings to finish the process.

Report this User

Report this user for behavior that violates our Community Guidelines.

Details: